Normal view
MARC view
- Stanitski , Conrad .L Eubanks , Lucy. Pryde Middlecamp, Catherine .H Pienta, Norbert. J
Entry Personal Name
001 - CONTROL NUMBER
- control field: 59348
003 - CONTROL NUMBER IDENTIFIER
- control field: NUST
005 - DATE AND TIME OF LATEST TRANSACTION
- control field: 20210628202326.0
008 - FIXED-LENGTH DATA ELEMENTS
- fixed length control field: 210628|| aca||aabn | a|a d
040 ## - CATALOGING SOURCE
- Original cataloging agency: NUST
- Transcribing agency: NUST
100 ## - HEADING--PERSONAL NAME
- Personal name: Stanitski , Conrad .L Eubanks , Lucy. Pryde Middlecamp, Catherine .H Pienta, Norbert. J
670 ## - SOURCE DATA FOUND
- Source citation: Work cat.: (NUST): Stanitski , Conrad .L Eubanks , Lucy. Pryde Middlecamp, Catherine .H Pienta, Norbert. J, Chemistry in context applying chemistry to society, 2003
